MLB World Series Starting Lineups (2001-2025) - Statistics

General Stats
  • This quiz has been taken 409 times
    61 since last reset
  • The average score is 224 of 490
Answer Stats
W/L Year & Team Lineup Spot Position Answer % Correct
L 2010 Texas Rangers 4. RF Vladimir Guerrero
93%
L 2025 Toronto Blue Jays 3. 1B Vladimir Guerrero Jr.
93%
W 2020 Los Angeles Dodgers 5. DH Will Smith
91%
W 2024 Los Angeles Dodgers 7. C Will Smith
91%
W 2025 Los Angeles Dodgers 4. C Will Smith
91%
L 2024 New York Yankees 3. CF Aaron Judge
88%
W 2021 Atlanta Braves 2. 1B Freddie Freeman
88%
W 2024 Los Angeles Dodgers 3. 1B Freddie Freeman
88%
W 2025 Los Angeles Dodgers 3. 1B Freddie Freeman
88%
W 2018 Boston Red Sox 1. RF Mookie Betts
88%
W 2020 Los Angeles Dodgers 1. RF Mookie Betts
88%
W 2024 Los Angeles Dodgers 2. RF Mookie Betts
88%
W 2025 Los Angeles Dodgers 2. SS Mookie Betts
88%
W 2024 Los Angeles Dodgers 1. DH Shohei Ohtani
88%
W 2025 Los Angeles Dodgers 1. DH Shohei Ohtani
88%
W 2009 New York Yankees 4. 3B Alex Rodriguez
86%
L 2001 New York Yankees 2. SS Derek Jeter
86%
L 2003 New York Yankees 3. SS Derek Jeter
86%
W 2009 New York Yankees 1. SS Derek Jeter
86%
L 2017 Los Angeles Dodgers 5. LF Enrique Hernández
86%
L 2018 Los Angeles Dodgers 7. CF Enrique Hernández
86%
W 2024 Los Angeles Dodgers 6. CF Enrique Hernández
86%
W 2025 Los Angeles Dodgers 7. LF Enrique Hernandez
86%
W 2017 Houston Astros 1. CF George Springer
86%
L 2019 Houston Astros 1. CF George Springer
86%
L 2025 Toronto Blue Jays 1. DH George Springer
86%
W 2024 Los Angeles Dodgers 4. LF Teoscar Hernández
86%
W 2025 Los Angeles Dodgers 5. RF Teoscar Hernandez
86%
L 2022 Philadelphia Phillies 4. DH Bryce Harper
84%
W 2003 Florida Marlins 3. C Iván Rodríguez
84%
L 2006 Detroit Tigers 6. C Iván Rodríguez
84%
W 2017 Houston Astros 3. 2B Jose Altuve
84%
L 2019 Houston Astros 2. 2B Jose Altuve
84%
L 2021 Houston Astros 1. 2B Jose Altuve
84%
W 2022 Houston Astros 1. 2B Jose Altuve
84%
L 2017 Los Angeles Dodgers 2. 3B Justin Turner
84%
L 2018 Los Angeles Dodgers 2. 3B Justin Turner
84%
W 2020 Los Angeles Dodgers 3. 3B Justin Turner
84%
W 2019 Washington Nationals 1. SS Trea Turner
84%
L 2017 Los Angeles Dodgers 9. LHP Clayton Kershaw
81%
L 2018 Los Angeles Dodgers LHP Clayton Kershaw
81%
W 2020 Los Angeles Dodgers LHP Clayton Kershaw
81%
W 2019 Washington Nationals 4. LF Juan Soto
81%
L 2024 New York Yankees 2. RF Juan Soto
81%
W 2016 Chicago Cubs 3. 1B Anthony Rizzo
79%
L 2024 New York Yankees 6. 1B Anthony Rizzo
79%
L 2002 San Francisco Giants 8. 3B David Bell
79%
W 2004 Boston Red Sox 4. DH David Ortiz
79%
W 2007 Boston Red Sox 3. DH David Ortiz
79%
W 2013 Boston Red Sox 4. DH David Ortiz
79%
L 2025 Toronto Blue Jays 4. 2B Bo Bichette
77%
W 2020 Los Angeles Dodgers 4. 1B Max Muncy
77%
W 2024 Los Angeles Dodgers 5. 3B Max Muncy
77%
W 2025 Los Angeles Dodgers 6. 3B Max Muncy
77%
L 2002 San Francisco Giants 4. LF Barry Bonds
74%
L 2017 Los Angeles Dodgers 3. 1B Cody Bellinger
74%
W 2020 Los Angeles Dodgers 6. CF Cody Bellinger
74%
L 2017 Los Angeles Dodgers 6. SS Corey Seager
74%
W 2020 Los Angeles Dodgers 2. SS Corey Seager
74%
W 2023 Texas Rangers 2. SS Corey Seager
74%
L 2024 New York Yankees 4. DH Giancarlo Stanton
74%
L 2016 Cleveland Guardians 6. 3B José Ramírez
74%
W 2004 Boston Red Sox 3. LF Manny Ramirez
74%
W 2007 Boston Red Sox 4. LF Manny Ramirez
74%
W 2017 Houston Astros 7. LF Marwin González
74%
W 2019 Washington Nationals RHP Max Scherzer
74%
W 2009 New York Yankees 9. CF Melky Cabrera
74%
W 2003 Florida Marlins 4. LF Miguel Cabrera
74%
L 2012 Detroit Tigers 3. 3B Miguel Cabrera
74%
W 2004 Boston Red Sox 2. SS Orlando Cabrera
74%
L 2004 St. Louis Cardinals 3. 1B Albert Pujols
72%
W 2006 St. Louis Cardinals 3. 1B Albert Pujols
72%
W 2011 St. Louis Cardinals 3. 1B Albert Pujols
72%
L 2025 Toronto Blue Jays 5. C Alejandro Kirk
72%
W 2003 Florida Marlins 9. SS Álex González
72%
W 2019 Washington Nationals 6. 2B Asdrúbal Cabrera
72%
W 2018 Boston Red Sox 4. DH JD Martinez
72%
W 2003 Florida Marlins 1. CF Juan Pierre
72%
L 2015 New York Mets 9. DH Kelly Johnson
72%
W 2001 Arizona Diamondbacks 3. LF Luis Gonzalez
72%
L 2003 New York Yankees 2. 1B Nick Johnson
72%
L 2001 New York Yankees 5. 1B Tino Martinez
72%
W 2017 Houston Astros 4. SS Carlos Correa
70%
L 2019 Houston Astros 6. SS Carlos Correa
70%
L 2021 Houston Astros 5. SS Carlos Correa
70%
L 2019 Houston Astros RHP Gerrit Cole
70%
L 2024 New York Yankees RHP Gerrit Cole
70%
L 2006 Detroit Tigers RHP Justin Verlander
70%
L 2012 Detroit Tigers 9. RHP Justin Verlander
70%
W 2022 Houston Astros RHP Justin Verlander
70%
L 2019 Houston Astros 7. DH Yordan Alvarez
70%
L 2021 Houston Astros 4. DH Yordan Alvarez
70%
W 2022 Houston Astros 3. LF Yordan Alvarez
70%
W 2023 Texas Rangers 4. RF Adolis Garcia
67%
W 2017 Houston Astros 2. 3B Alex Bregman
67%
L 2019 Houston Astros 4. 3B Alex Bregman
67%
L 2021 Houston Astros 3. 3B Alex Bregman
67%
W 2022 Houston Astros 4. 3B Alex Bregman
67%
L 2024 New York Yankees 7. SS Anthony Volpe
67%
L 2012 Detroit Tigers 7. RF Avisaíl García
67%
W 2002 Anaheim Angels 8. C Bengie Molina
67%
L 2010 Texas Rangers 7. C Bengie Molina
67%
W 2025 Los Angeles Dodgers LHP Blake Snell
67%
L 2023 Arizona Diamondbacks 1. RF Corbin Carroll
67%
L 2001 New York Yankees 6. C Jorge Posada
67%
L 2003 New York Yankees 6. C Jorge Posada
67%
W 2009 New York Yankees 5. C Jorge Posada
67%
L 2003 New York Yankees 9. RF Karim García
67%
L 2023 Arizona Diamondbacks 2. 2B Ketel Marte
67%
W 2006 St. Louis Cardinals 8. C Yadier Molina
67%
W 2011 St. Louis Cardinals 7. C Yadier Molina
67%
L 2013 St. Louis Cardinals 5. C Yadier Molina
67%
L 2001 New York Yankees 4. CF Bernie Williams
65%
L 2003 New York Yankees 4. CF Bernie Williams
65%
L 2020 Tampa Bay Rays 2. 2B Brandon Lowe
65%
L 2008 Tampa Bay Rays 3. 1B Carlos Peña
65%
W 2007 Boston Red Sox 1. 2B Dustin Pedroia
65%
W 2013 Boston Red Sox 3. 2B Dustin Pedroia
65%
W 2022 Houston Astros 2. SS Jeremy Peña
65%
W 2004 Boston Red Sox 1. CF Johnny Damon
65%
W 2009 New York Yankees 2. LF Johnny Damon
65%
W 2016 Chicago Cubs 5. DH Kyle Schwarber
65%
L 2022 Philadelphia Phillies 1. LF Kyle Schwarber
65%
W 2001 Arizona Diamondbacks 6. 3B Matt Williams
65%
W 2023 Texas Rangers 7. 1B Nathaniel Lowe
65%
L 2016 Cleveland Guardians 9. C Roberto Pérez
65%
L 2014 Kansas City Royals 7. C Salvador Perez
65%
W 2015 Kansas City Royals 7. C Salvador Perez
65%
L 2004 St. Louis Cardinals RHP Woody Williams
65%
W 2010 San Francisco Giants 1. CF Andrés Torres
63%
W 2025 Los Angeles Dodgers 9. CF Andy Pages
63%
L 2024 New York Yankees 1. 2B Gleyber Torres
63%
L 2024 New York Yankees 5. 3B Jazz Chisholm Jr.
63%
W 2016 Chicago Cubs 2. 3B Kris Bryant
63%
L 2021 Houston Astros 6. RF Kyle Tucker
63%
W 2022 Houston Astros 5. RF Kyle Tucker
63%
W 2023 Texas Rangers 1. 2B Marcus Semien
63%
W 2017 Houston Astros 5. 1B Yuli Gurriel
63%
L 2019 Houston Astros 5. 1B Yuli Gurriel
63%
L 2021 Houston Astros 7. 1B Yuli Gurriel
63%
W 2022 Houston Astros 6. 1B Yuli Gurriel
63%
L 2022 Philadelphia Phillies 6. 3B Alec Bohm
60%
W 2021 Atlanta Braves 4. 3B Austin Riley
60%
L 2024 New York Yankees 8. C Austin Wells
60%
W 2012 San Francisco Giants 8. SS Brandon Crawford
60%
W 2014 San Francisco Giants 9. SS Brandon Crawford
60%
L 2008 Tampa Bay Rays 5. LF Carl Crawford
60%
L 2003 New York Yankees LHP David Wells
60%
L 2016 Cleveland Guardians 3. SS Francisco Lindor
60%
W 2021 Atlanta Braves 1. DH Jorge Soler
60%
W 2008 Philadelphia Phillies 4. 1B Ryan Howard
60%
L 2009 Philadelphia Phillies 4. 1B Ryan Howard
60%
W 2024 Los Angeles Dodgers 9. SS Tommy Edman
60%
W 2025 Los Angeles Dodgers 8. 2B Tommy Edman
60%
W 2010 San Francisco Giants 3. C Buster Posey
58%
W 2012 San Francisco Giants 4. C Buster Posey
58%
W 2014 San Francisco Giants 3. C Buster Posey
58%
W 2008 Philadelphia Phillies 3. 2B Chase Utley
58%
L 2009 Philadelphia Phillies 3. 2B Chase Utley
58%
L 2025 Toronto Blue Jays 7. 3B Ernie Clement
58%
L 2023 Arizona Diamondbacks 6. LF Lourdes Gurriel Jr.
58%
L 2016 Cleveland Guardians 1. CF Rajai Davis
58%
L 2004 St. Louis Cardinals 4. 3B Scott Rolen
58%
W 2006 St. Louis Cardinals 5. 3B Scott Rolen
58%
W 2013 Boston Red Sox 7. 3B Xander Bogaerts
58%
W 2018 Boston Red Sox 5. SS Xander Bogaerts
58%
L 2023 Arizona Diamondbacks 4. 1B Christian Walker
56%
L 2005 Houston Astros 1. 2B Craig Biggio
56%
W 2001 Arizona Diamondbacks 9. RHP Curt Schilling
56%
W 2021 Atlanta Braves 9. SS Dansby Swanson
56%
L 2022 Philadelphia Phillies 3. C JT Realmuto
56%
L 2004 St. Louis Cardinals 2. RF Larry Walker
56%
W 2009 New York Yankees 3. 1B Mark Teixeira
56%
W 2021 Atlanta Braves 3. 2B Ozzie Albies
56%
W 2002 Anaheim Angels 5. 3B Troy Glaus
56%
L 2023 Arizona Diamondbacks 7. CF Alek Thomas
53%
W 2019 Washington Nationals 3. 3B Anthony Rendon
53%
W 2012 San Francisco Giants 6. 1B Brandon Belt
53%
W 2014 San Francisco Giants 6. 1B Brandon Belt
53%
W 2011 St. Louis Cardinals 9. RHP Chris Carpenter
53%
L 2017 Los Angeles Dodgers 1. CF Chris Taylor
53%
L 2018 Los Angeles Dodgers 5. LF Chris Taylor
53%
W 2020 Los Angeles Dodgers 7. 2B Chris Taylor
53%
W 2016 Chicago Cubs 6. 2B Javier Báez
53%
L 2005 Houston Astros 6. DH Jeff Bagwell
53%
W 2008 Philadelphia Phillies 1. SS Jimmy Rollins
53%
L 2009 Philadelphia Phillies 1. SS Jimmy Rollins
53%
W 2020 Los Angeles Dodgers 8. LF Joc Pederson
53%
W 2021 Atlanta Braves 8. RF Joc Pederson
53%
L 2005 Houston Astros 3. LF Lance Berkman
53%
W 2011 St. Louis Cardinals 5. RF Lance Berkman
53%
W 2014 San Francisco Giants LHP Madison Bumgarner
53%
L 2013 St. Louis Cardinals 1. 2B Matt Carpenter
53%
W 2012 San Francisco Giants 3. 3B Pablo Sandoval
53%
W 2014 San Francisco Giants 4. 3B Pablo Sandoval
53%
L 2020 Tampa Bay Rays RHP Tyler Glasnow
53%
W 2009 New York Yankees LHP CC Sabathia
51%
W 2018 Boston Red Sox LHP Chris Sale
51%
L 2025 Toronto Blue Jays 6. CF Daulton Varsho
51%
L 2014 Kansas City Royals 4. 1B Eric Hosmer
51%
W 2015 Kansas City Royals 4. 1B Eric Hosmer
51%
L 2008 Tampa Bay Rays 4. 3B Evan Longoria
51%
L 2023 Arizona Diamondbacks 8. 3B Evan Longoria
51%
L 2003 New York Yankees 5. LF Hideki Matsui
51%
W 2009 New York Yankees 6. DH Hideki Matsui
51%
L 2003 New York Yankees 7. DH Jason Giambi
51%
W 2007 Boston Red Sox 6. C Jason Varitek
51%
L 2002 San Francisco Giants 3. 2B Jeff Kent
51%
L 2007 Colorado Rockies 2. 2B Kazuo Matsui
51%
L 2019 Houston Astros 8. C Martín Maldonado
51%
L 2021 Houston Astros 9. C Martín Maldonado
51%
W 2022 Houston Astros 9. C Martín Maldonado
51%
W 2018 Boston Red Sox 6. 3B Rafael Devers
51%
L 2020 Tampa Bay Rays 3. DH Randy Arozarena
51%
W 2010 San Francisco Giants 9. RHP Tim Lincecum
51%
L 2020 Tampa Bay Rays 1. 1B Yandy Díaz
51%
L 2013 St. Louis Cardinals RHP Adam Wainwright
49%
L 2009 Philadelphia Phillies LHP Cliff Lee
49%
L 2010 Texas Rangers 9. LHP Cliff Lee
49%
L 2015 New York Mets 3. 2B Daniel Murphy
49%
L 2011 Texas Rangers 8. LF David Murphy
49%
W 2003 Florida Marlins 5. 1B Derrek Lee
49%
L 2021 Houston Astros LHP Framber Valdez
49%
W 2007 Boston Red Sox 9. CF Jacoby Ellsbury
49%
W 2013 Boston Red Sox 1. CF Jacoby Ellsbury
49%
W 2013 Boston Red Sox LHP Jon Lester
49%
W 2016 Chicago Cubs LHP Jon Lester
49%
L 2010 Texas Rangers 3. CF Josh Hamilton
49%
L 2011 Texas Rangers 3. CF Josh Hamilton
49%
L 2007 Colorado Rockies 3. LF Matt Holliday
49%
W 2011 St. Louis Cardinals 4. LF Matt Holliday
49%
L 2013 St. Louis Cardinals 3. LF Matt Holliday
49%
L 2005 Houston Astros RHP Roger Clemens
49%
W 2019 Washington Nationals 7. 1B Ryan Zimmerman
49%
L 2023 Arizona Diamondbacks RHP Zac Gallen
49%
L 2022 Philadelphia Phillies 7. SS Bryson Stott
47%
L 2023 Arizona Diamondbacks 9. SS Geraldo Perdomo
47%
W 2018 Boston Red Sox 9. CF Jackie Bradley Jr.
47%
L 2014 Kansas City Royals 3. CF Lorenzo Cain
47%
W 2015 Kansas City Royals 3. CF Lorenzo Cain
47%
W 2023 Texas Rangers RHP Nathan Eovaldi
47%
W 2005 Chicago White Sox 4. 1B Paul Konerko
47%
W 2009 New York Yankees 7. 2B Robinson Canó
47%
L 2017 Los Angeles Dodgers 4. RF Yasiel Puig
47%
L 2018 Los Angeles Dodgers 8. RF Yasiel Puig
47%
W 2016 Chicago Cubs 8. SS Addison Russell
44%
L 2024 New York Yankees 9. LF Alex Verdugo
44%
W 2008 Philadelphia Phillies LHP Cole Hamels
44%
L 2016 Cleveland Guardians RHP Corey Kluber
44%
W 2002 Anaheim Angels 4. LF Garret Anderson
44%
W 2012 San Francisco Giants 5. RF Hunter Pence
44%
W 2014 San Francisco Giants 5. RF Hunter Pence
44%
L 2018 Los Angeles Dodgers 4. SS Manny Machado
44%
L 2018 Los Angeles Dodgers 6. DH Matt Kemp
44%
W 2008 Philadelphia Phillies 6. CF Shane Victorino
44%
L 2009 Philadelphia Phillies 2. CF Shane Victorino
44%
W 2013 Boston Red Sox 2. RF Shane Victorino
44%
L 2025 Toronto Blue Jays RHP Trey Yesavage
44%
L 2025 Toronto Blue Jays 9. SS Andres Gimenez
42%
L 2016 Cleveland Guardians 5. DH Carlos Santana
42%
W 2010 San Francisco Giants 5. RF Cody Ross
42%
L 2006 Detroit Tigers 1. CF Curtis Granderson
42%
L 2015 New York Mets 1. RF Curtis Granderson
42%
W 2011 St. Louis Cardinals 6. 3B David Freese
42%
L 2013 St. Louis Cardinals 6. 3B David Freese
42%
L 2018 Los Angeles Dodgers 3. 1B David Freese
42%
W 2013 Boston Red Sox 9. C David Ross
42%
W 2016 Chicago Cubs 9. C David Ross
42%
L 2015 New York Mets 2. 3B David Wright
42%
W 2023 Texas Rangers 6. C Jonah Heim
42%
W 2007 Boston Red Sox RHP Josh Beckett
42%
W 2004 Boston Red Sox 5. 1B Kevin Millar
42%
L 2015 New York Mets 6. C Travis d'Arnaud
42%
W 2021 Atlanta Braves 7. C Travis d'Arnaud
42%
L 2022 Philadelphia Phillies RHP Aaron Nola
40%
L 2011 Texas Rangers 5. 3B Adrian Beltré
40%
L 2022 Philadelphia Phillies 9. CF Brandon Marsh
40%
W 2017 Houston Astros 6. C Brian McCann
40%
L 2013 St. Louis Cardinals 2. RF Carlos Beltrán
40%
W 2008 Philadelphia Phillies 9. C Carlos Ruiz
40%
L 2009 Philadelphia Phillies 9. C Carlos Ruiz
40%
W 2021 Atlanta Braves 5. LF Eddie Rosario
40%
W 2010 San Francisco Giants 2. 2B Freddy Sanchez
40%
W 2019 Washington Nationals 5. DH Howie Kendrick
40%
W 2007 Boston Red Sox 2. 1B Kevin Youkilis
40%
L 2014 Kansas City Royals 9. 3B Mike Moustakas
40%
W 2015 Kansas City Royals 6. 3B Mike Moustakas
40%
L 2001 New York Yankees 9. RHP Mike Mussina
40%
L 2022 Philadelphia Phillies 5. RF Nick Castellanos
40%
L 2007 Colorado Rockies 4. 1B Todd Helton
40%
L 2007 Colorado Rockies 7. SS Troy Tulowitzki
40%
W 2018 Boston Red Sox 2. LF Andrew Benintendi
37%
L 2017 Los Angeles Dodgers 8. C Austin Barnes
37%
L 2018 Los Angeles Dodgers 9. C Austin Barnes
37%
W 2020 Los Angeles Dodgers 9. C Austin Barnes
37%
L 2012 Detroit Tigers 5. LF Delmon Young
37%
W 2016 Chicago Cubs 1. CF Dexter Fowler
37%
L 2019 Houston Astros 3. LF Michael Brantley
37%
L 2021 Houston Astros 2. LF Michael Brantley
37%
L 2010 Texas Rangers 2. 3B Michael Young
37%
L 2011 Texas Rangers 4. 1B Michael Young
37%
L 2012 Detroit Tigers 4. 1B Prince Fielder
37%
L 2022 Philadelphia Phillies 2. 1B Rhys Hoskins
37%
W 2018 Boston Red Sox 3. 1B Steve Pearce
37%
W 2002 Anaheim Angels 3. RF Tim Salmon
37%
L 2015 New York Mets 4. CF Yoenis Céspedes
37%
L 2014 Kansas City Royals 6. LF Alex Gordon
35%
W 2015 Kansas City Royals 8. LF Alex Gordon
35%
L 2012 Detroit Tigers 1. CF Austin Jackson
35%
L 2008 Tampa Bay Rays 8. RF Ben Zobrist
35%
W 2015 Kansas City Royals 2. 2B Ben Zobrist
35%
W 2016 Chicago Cubs 4. LF Ben Zobrist
35%
L 2010 Texas Rangers 1. SS Elvis Andrus
35%
L 2011 Texas Rangers 2. SS Elvis Andrus
35%
W 2024 Los Angeles Dodgers 8. 2B Gavin Lux
35%
L 2010 Texas Rangers 6. 2B Ian Kinsler
35%
L 2011 Texas Rangers 1. 2B Ian Kinsler
35%
W 2018 Boston Red Sox 7. 2B Ian Kinsler
35%
W 2005 Chicago White Sox 3. RF Jermaine Dye
35%
L 2020 Tampa Bay Rays 8. CF Kevin Kiermaier
35%
W 2003 Florida Marlins 6. 3B Mike Lowell
35%
W 2007 Boston Red Sox 5. 3B Mike Lowell
35%
W 2009 New York Yankees 8. RF Nick Swisher
35%
L 2014 Kansas City Royals 1. SS Alcides Escobar
33%
W 2015 Kansas City Royals 1. SS Alcides Escobar
33%
L 2001 New York Yankees 7. 2B Alfonso Soriano
33%
L 2003 New York Yankees 1. 2B Alfonso Soriano
33%
W 2012 San Francisco Giants 9. LHP Barry Zito
33%
L 2001 New York Yankees 1. LF Chuck Knoblauch
33%
L 2011 Texas Rangers 9. LHP CJ Wilson
33%
W 2001 Arizona Diamondbacks 2. 2B Craig Counsell
33%
W 2017 Houston Astros 9. LHP Dallas Keuchel
33%
L 2025 Toronto Blue Jays 2. LF Davis Schneider
33%
L 2004 St. Louis Cardinals 1. SS Édgar Rentería
33%
W 2010 San Francisco Giants 8. SS Édgar Rentería
33%
L 2014 Kansas City Royals RHP James Shields
33%
L 2004 St. Louis Cardinals 5. CF Jim Edmonds
33%
W 2006 St. Louis Cardinals 4. CF Jim Edmonds
33%
L 2011 Texas Rangers 7. C Mike Napoli
33%
W 2013 Boston Red Sox 5. 1B Mike Napoli
33%
L 2016 Cleveland Guardians 4. 1B Mike Napoli
33%
L 2010 Texas Rangers 5. LF Nelson Cruz
33%
L 2011 Texas Rangers 6. RF Nelson Cruz
33%
W 2001 Arizona Diamondbacks 1. SS Tony Womack
33%
L 2004 St. Louis Cardinals 7. 2B Tony Womack
33%
W 2006 St. Louis Cardinals RHP Anthony Reyes
30%
W 2021 Atlanta Braves RHP Charlie Morton
30%
W 2001 Arizona Diamondbacks 8. C Damian Miller
30%
W 2002 Anaheim Angels 1. SS David Eckstein
30%
W 2006 St. Louis Cardinals 1. SS David Eckstein
30%
W 2023 Texas Rangers 3. LF Evan Carter
30%
L 2023 Arizona Diamondbacks 3. C Gabriel Moreno
30%
L 2016 Cleveland Guardians 2. 2B Jason Kipnis
30%
W 2005 Chicago White Sox RHP José Contreras
30%
W 2023 Texas Rangers 8. 3B Josh Jung
30%
L 2015 New York Mets RHP Matt Harvey
30%
L 2001 New York Yankees 8. 3B Scott Brosius
30%
W 2005 Chicago White Sox 7. C AJ Pierzynski
28%
W 2008 Philadelphia Phillies 2. RF Jayson Werth
28%
L 2009 Philadelphia Phillies 5. RF Jayson Werth
28%
W 2013 Boston Red Sox 6. LF Jonny Gomes
28%
W 2017 Houston Astros 8. RF Josh Reddick
28%
L 2019 Houston Astros 9. RF Josh Reddick
28%
L 2002 San Francisco Giants 1. CF Kenny Lofton
28%
W 2023 Texas Rangers 9. CF Leody Taveras
28%
L 2006 Detroit Tigers 4. RF Magglio Ordóñez
28%
L 2020 Tampa Bay Rays 9. C Mike Zunino
28%
L 2005 Houston Astros 2. CF Willy Taveras
28%
L 2007 Colorado Rockies 1. CF Willy Taveras
28%
L 2003 New York Yankees 8. 3B Aaron Boone
26%
W 2012 San Francisco Giants 1. CF Ángel Pagán
26%
L 2008 Tampa Bay Rays 2. CF BJ Upton
26%
L 2012 Detroit Tigers 6. SS Jhonny Peralta
26%
L 2002 San Francisco Giants 7. 1B JT Snow
26%
W 2005 Chicago White Sox 9. SS Juan Uribe
26%
W 2010 San Francisco Giants 7. 3B Juan Uribe
26%
L 2015 New York Mets 5. 1B Lucas Duda
26%
L 2015 New York Mets 7. LF Michael Conforto
26%
W 2001 Arizona Diamondbacks 4. RF Reggie Sanders
26%
L 2002 San Francisco Giants 6. RF Reggie Sanders
26%
L 2004 St. Louis Cardinals 6. DH Reggie Sanders
26%
L 2002 San Francisco Giants 2. SS Rich Aurilia
26%
W 2001 Arizona Diamondbacks 5. CF Steve Finley
26%
W 2021 Atlanta Braves 6. CF Adam Duvall
23%
L 2012 Detroit Tigers 8. C Alex Avila
23%
L 2002 San Francisco Giants 5. C Benito Santiago
23%
L 2006 Detroit Tigers 8. 3B Brandon Inge
23%
L 2021 Houston Astros 8. CF Chas McCormick
23%
W 2022 Houston Astros 8. CF Chas McCormick
23%
W 2002 Anaheim Angels 2. CF Darin Erstad
23%
W 2024 Los Angeles Dodgers RHP Jack Flaherty
23%
L 2022 Philadelphia Phillies 8. 2B Jean Segura
23%
W 2001 Arizona Diamondbacks 7. 1B Mark Grace
23%
L 2010 Texas Rangers 8. 1B Mitch Moreland
23%
L 2006 Detroit Tigers 9. SS Ramón Santiago
23%
W 2005 Chicago White Sox 1. LF Scott Podsednik
23%
L 2020 Tampa Bay Rays 7. SS Willy Adames
23%
W 2004 Boston Red Sox 7. 3B Bill Mueller
21%
L 2001 New York Yankees 3. RF David Justice
21%
W 2007 Boston Red Sox 7. RF JD Drew
21%
W 2014 San Francisco Giants 2. 2B Joe Panik
21%
W 2019 Washington Nationals 8. C Kurt Suzuki
21%
W 2003 Florida Marlins 2. 2B Luis Castillo
21%
W 2018 Boston Red Sox 8. C Sandy León
21%
W 2013 Boston Red Sox 8. SS Stephen Drew
21%
W 2019 Washington Nationals 2. RF Adam Eaton
19%
L 2018 Los Angeles Dodgers 1. 2B Brian Dozier
19%
W 2015 Kansas City Royals RHP Edinson Vólquez
19%
W 2012 San Francisco Giants 7. LF Grégor Blanco
19%
W 2014 San Francisco Giants 1. CF Grégor Blanco
19%
L 2020 Tampa Bay Rays 4. RF Hunter Renfroe
19%
L 2002 San Francisco Giants RHP Jason Schmidt
19%
W 2011 St. Louis Cardinals 2. CF Jon Jay
19%
W 2003 Florida Marlins 8. RF Juan Encarnación
19%
W 2006 St. Louis Cardinals 6. RF Juan Encarnación
19%
L 2017 Los Angeles Dodgers 7. 2B Logan Forsythe
19%
L 2020 Tampa Bay Rays 5. LF Manuel Margot
19%
W 2023 Texas Rangers 5. DH Mitch Garver
19%
L 2025 Toronto Blue Jays 8. RF Myles Straw
19%
L 2014 Kansas City Royals 2. RF Nori Aoki
19%
W 2008 Philadelphia Phillies 5. LF Pat Burrell
19%
W 2010 San Francisco Giants 4. LF Pat Burrell
19%
L 2009 Philadelphia Phillies 6. DH Raúl Ibañez
19%
L 2023 Arizona Diamondbacks 5. DH Tommy Pham
19%
W 2019 Washington Nationals 9. CF Victor Robles
19%
L 2013 St. Louis Cardinals 4. DH Allen Craig
16%
L 2020 Tampa Bay Rays 6. 3B Joey Wendle
16%
W 2015 Kansas City Royals 5. DH Kendrys Morales
16%
L 2013 St. Louis Cardinals 7. 1B Matt Adams
16%
L 2012 Detroit Tigers 2. 2B Omar Infante
16%
L 2014 Kansas City Royals 8. 2B Omar Infante
16%
L 2006 Detroit Tigers 3. 2B Plácido Polanco
16%
W 2011 St. Louis Cardinals 1. SS Rafael Furcal
16%
L 2008 Tampa Bay Rays LHP Scott Kazmir
16%
W 2014 San Francisco Giants 8. LF Travis Ishikawa
16%
W 2002 Anaheim Angels 9. 2B Adam Kennedy
14%
L 2014 Kansas City Royals 5. DH Billy Butler
14%
L 2008 Tampa Bay Rays 7. C Dioner Navarro
14%
W 2004 Boston Red Sox 9. 2B Mark Bellhorn
14%
W 2014 San Francisco Giants 7. DH Mike Morse
14%
W 2004 Boston Red Sox RHP Tim Wakefield
14%
L 2008 Tampa Bay Rays 6. DH Willy Aybar
14%
W 2015 Kansas City Royals 9. RF Alex Ríos
12%
W 2010 San Francisco Giants 6. 1B Aubrey Huff
12%
L 2005 Houston Astros 8. C Brad Ausmus
12%
W 2003 Florida Marlins RHP Brad Penny
12%
L 2016 Cleveland Guardians 7. LF Brandon Guyer
12%
W 2016 Chicago Cubs 7. RF Chris Coghlan
12%
L 2007 Colorado Rockies LHP Jeff Francis
12%
W 2007 Boston Red Sox 8. SS Julio Lugo
12%
L 2016 Cleveland Guardians 8. RF Lonnie Chisenhall
12%
W 2012 San Francisco Giants 2. 2B Marco Scutaro
12%
W 2008 Philadelphia Phillies 7. 3B Pedro Feliz
12%
L 2009 Philadelphia Phillies 8. 3B Pedro Feliz
12%
W 2022 Houston Astros 7. DH Trey Mancini
12%
W 2004 Boston Red Sox 6. RF Trot Nixon
12%
L 2015 New York Mets 8. SS Wilmer Flores
12%
L 2006 Detroit Tigers 5. 1B Carlos Guillén
9%
L 2007 Colorado Rockies 5. 3B Garrett Atkins
9%
W 2002 Anaheim Angels RHP Jarrod Washburn
9%
L 2005 Houston Astros 4. 3B Morgan Ensberg
9%
L 2013 St. Louis Cardinals 9. SS Pete Kozma
9%
L 2004 St. Louis Cardinals 9. LF So Taguchi
9%
W 2006 St. Louis Cardinals 9. LF So Taguchi
9%
W 2005 Chicago White Sox 2. 2B Tadahito Iguchi
9%
W 2005 Chicago White Sox 6. CF Aaron Rowand
7%
L 2005 Houston Astros 9. SS Adam Everett
7%
L 2008 Tampa Bay Rays 1. 2B Akinori Iwamura
7%
W 2005 Chicago White Sox 5. DH Carl Everett
7%
W 2004 Boston Red Sox 8. C Doug Mirabelli
7%
W 2003 Florida Marlins 7. DH Jeff Conine
7%
W 2005 Chicago White Sox 8. 3B Joe Crede
7%
W 2002 Anaheim Angels 7. 1B Scott Spiezio
7%
L 2013 St. Louis Cardinals 8. CF Shane Robinson
7%
L 2007 Colorado Rockies 8. C Yorvit Torrealba
7%
L 2009 Philadelphia Phillies 7. LF Ben Francisco
5%
L 2007 Colorado Rockies 6. RF Brad Hawpe
5%
L 2008 Tampa Bay Rays 9. SS Jason Bartlett
5%
L 2005 Houston Astros 7. RF Jason Lane
5%
L 2005 Houston Astros 5. 1B Mike Lamb
5%
L 2004 St. Louis Cardinals 8. C Mike Matheny
5%
L 2007 Colorado Rockies 9. DH Ryan Spilborghs
5%
L 2006 Detroit Tigers 7. DH Sean Casey
5%
L 2002 San Francisco Giants 9. DH Tsuyoshi Shinjo
5%
W 2002 Anaheim Angels 6. DH Brad Fullmer
2%
W 2008 Philadelphia Phillies 8. DH Chris Coste
2%
W 2006 St. Louis Cardinals 2. DH Chris Duncan
2%
L 2006 Detroit Tigers 2. LF Craig Monroe
2%
W 2011 St. Louis Cardinals 8. 2B Nick Punto
2%
W 2006 St. Louis Cardinals 7. 2B Ronnie Belliard
2%
No matching quizzes found
Score Distribution
Percent of People with Each Score
Percentile by Number Answered
Your Score History
You have not taken this quiz since the last reset